00253nam a2200109Ia 4500008004100000020001800041082001400059100001100073245003100084260001200115500001600127260604s9999 xx 000 0 und d a9788194954736 a808.3 HAS aHashmy 0aHops Spectacular Adventure bBLUEONE aSpectacular